NBA Players Who: Shot 90% from the Free Throw Line - Statistics

General Stats
  • This quiz has been taken 78 times
    35 since last reset
  • The average score is 66 of 162
Answer Stats
Year FT% Player % Correct
2023 91.5% Stephen Curry
97%
2022 92.3% Stephen Curry
97%
2021 91.6% Stephen Curry
97%
2019 91.6% Stephen Curry
97%
2018 92.0% Stephen Curry
97%
2016 90.7% Stephen Curry
97%
2015 91.4% Stephen Curry
97%
2013 90.0% Stephen Curry
97%
2011 93.4% Stephen Curry
97%
2011 91.2% Steve Nash
79%
2010 93.8% Steve Nash
79%
2009 93.3% Steve Nash
79%
2008 90.6% Steve Nash
79%
2006 92.1% Steve Nash
79%
2004 91.6% Steve Nash
79%
2003 90.9% Steve Nash
79%
1993 91.0% Eddie Johnson
73%
1990 91.7% Eddie Johnson
73%
1991 90.6% Magic Johnson
73%
1989 91.1% Magic Johnson
73%
2023 91.9% Kevin Durant
67%
2022 91.0% Kevin Durant
67%
2013 90.5% Kevin Durant
67%
2010 90.0% Kevin Durant
67%
1992 92.6% Larry Bird
67%
1990 90.3% Larry Bird
67%
1988 91.6% Larry Bird
67%
1987 91.0% Larry Bird
67%
2023 91.4% Damian Lillard
64%
2021 92.8% Damian Lillard
64%
2019 91.2% Damian Lillard
64%
2018 91.6% Damian Lillard
64%
1993 90.7% Michael Williams
64%
2009 91.2% Mo Williams
64%
2023 93.4% Tyler Herro
64%
1967 90.3% Adrian Smith
61%
2023 90.5% Kyrie Irving
61%
2021 92.2% Kyrie Irving
61%
2017 90.5% Kyrie Irving
61%
2010 91.3% Ray Allen
61%
2009 95.2% Ray Allen
61%
2008 90.7% Ray Allen
61%
2007 90.3% Ray Allen
61%
2006 90.2% Ray Allen
61%
2004 90.4% Ray Allen
61%
2003 91.6% Ray Allen
61%
1999 90.3% Ray Allen
61%
2005 93.3% Reggie Miller
61%
2003 90.0% Reggie Miller
61%
2002 91.1% Reggie Miller
61%
2001 92.8% Reggie Miller
61%
2000 91.9% Reggie Miller
61%
1999 91.5% Reggie Miller
61%
1994 90.8% Reggie Miller
61%
1991 91.8% Reggie Miller
61%
2010 91.5% Dirk Nowitzki
55%
2007 90.4% Dirk Nowitzki
55%
2006 90.1% Dirk Nowitzki
55%
2021 93.4% Chris Paul
52%
2020 90.7% Chris Paul
52%
2018 91.9% Chris Paul
52%
2015 90.0% Chris Paul
52%
1980 93.5% Rick Barry
48%
1979 94.7% Rick Barry
48%
1978 92.4% Rick Barry
48%
1977 91.6% Rick Barry
48%
1976 92.3% Rick Barry
48%
1975 90.4% Rick Barry
48%
1973 90.2% Rick Barry
48%
2020 91.9% Devin Booker
45%
2018 90.4% J.J. Redick
45%
2015 90.1% J.J. Redick
45%
2013 90.0% J.J. Redick
45%
2012 91.1% J.J. Redick
45%
2007 91.4% Kyle Korver
45%
2011 91.6% Chauncey Billups
42%
2010 91.0% Chauncey Billups
42%
2009 91.3% Chauncey Billups
42%
2008 91.8% Chauncey Billups
42%
1999 91.3% Chauncey Billups
42%
1992 91.6% Ricky Pierce
39%
1991 91.3% Ricky Pierce
39%
1990 91.2% Walter Davis
39%
1997 90.6% Mark Price
36%
1995 91.4% Mark Price
36%
1993 94.8% Mark Price
36%
1992 94.7% Mark Price
36%
1989 90.1% Mark Price
36%
2022 90.4% Trae Young
36%
2017 91.2% C.J. McCollum
33%
2017 90.9% Isaiah Thomas
33%
2018 90.5% Jamal Murray
33%
2023 90.5% Shai Gilgeous-Alexander
33%
1998 93.9% Chris Mullin
30%
2000 95.0% Jeff Hornacek
30%
1991 91.7% Jeff Malone
30%
2009 98.1% Jose Calderon
30%
2008 92.9% Peja Stojakovic
30%
2006 91.5% Peja Stojakovic
30%
2005 92.0% Peja Stojakovic
30%
2004 92.7% Peja Stojakovic
30%
2014 94.0% Brian Roberts
27%
2008 90.1% Caron Butler
27%
2022 92.5% Jordan Poole
27%
1971 91.1% Mike Butler
27%
2020 91.6% Khris Middleton
24%
2021 90.1% Coby White
21%
2005 91.5% Damon Stoudamire
21%
2019 92.8% Malcolm Brogdon
21%
2008 90.8% Ben Gordon
18%
1990 90.0% Joe Dumars
18%
1991 90.2% Scott Skiles
18%
1989 90.3% Scott Skiles
18%
1995 93.4% Spud Webb
18%
2022 90.4% Danilo Gallinari
15%
2021 92.5% Danilo Gallinari
15%
2019 90.4% Danilo Gallinari
15%
2017 90.2% Danilo Gallinari
15%
2000 91.1% Darrell Armstrong
15%
1999 90.4% Darrell Armstrong
15%
1958 90.4% Dolph Schayes
15%
1957 90.4% Dolph Schayes
15%
1999 90.1% Hersey Hawkins
15%
2016 90.4% Jamal Crawford
15%
2015 90.1% Jamal Crawford
15%
2012 92.7% Jamal Crawford
15%
1996 93.0% Mahmoud Abdul-Rauf
15%
1994 95.6% Mahmoud Abdul-Rauf
15%
1993 93.5% Mahmoud Abdul-Rauf
15%
1983 92.0% Calvin Murphy
12%
1981 95.8% Calvin Murphy
12%
1979 92.8% Calvin Murphy
12%
1976 90.7% Calvin Murphy
12%
1989 90.5% Jack Sikma
12%
1988 92.2% Jack Sikma
12%
2023 90.5% Trey Murphy III
12%
1961 92.1% Bill Sharman
9%
1959 93.2% Bill Sharman
9%
1957 90.5% Bill Sharman
9%
2020 90.2% Bojan Bogdanović
9%
2022 90.3% Desmond Bane
9%
2011 90.6% D.J. Augustin
9%
2005 92.1% Earl Boykins
9%
2004 91.3% Allan Houston
6%
2003 91.9% Allan Houston
6%
2001 90.9% Allan Houston
6%
1977 94.5% Ernie DiGregorio
6%
1974 90.2% Ernie DiGregorio
6%
1985 90.7% Kyle Macy
6%
2010 90.7% Luke Ridnour
6%
2018 90.8% Marco Belinelli
6%
2003 90.0% Troy Hudson
6%
1952 90.4% Bobby Wanzer
3%
2020 92.6% Brad Wanamaker
3%
2015 90.6% Jodie Meeks
3%
1988 90.7% John Long
3%
1991 91.0% Kelly Tripucka
3%
2007 90.4% Matt Carroll
3%
1988 90.6% Mike Gminski
3%
1981 93.5% Ricky Sobers
3%
1997 90.2% Terrell Brandon
3%
1978 91.8% Calvin Muphy
0%
No matching quizzes found
Score Distribution
Percent of People with Each Score
Percentile by Number Answered
Your Score History
You have not taken this quiz since the last reset